000 00827nam a22002057a 4500
005 20110928141025.0
010 _aG-001441
020 _c350.00
_a97881701749455
035 1 d _aG-001441
037 _bGift
082 _a181.452
100 _aSubramanian, V.K.
_934980
245 _aRaja yoga the royal raod to revelation:
_cby V.K. Subramanian
_ba new analytical study of the yoga sutras of Maharishipatanjali /
260 _aNew Delhi
_bAbhinav Publications
_c2009
270 _aE-37, Hauz Khas
_bNew Delhi
_e110016
300 _a266p.
_c24cm(Hb)
942 _2ddc
_cEN
_h181.452
_mSUB
999 _c57106
_d57106